Budaya dan adat resam

Bibliographic Details
Format: Book
Published: Selangor : Penerbitan Pinang , 2005
Series:Siri panduan kenegaraan
Subjects:

MARC

LEADER 00000cam a2200000 7i4500
001 0000004228
005 20151222.0
008 070725
020 |a 9830555712(siri) 
020 |a 9830555720 
090 0 0 |a JF   |b G MAL (4702) 
245 1 0 |a Budaya dan adat resam   |c Penyusun Noor Azilawati Mohd Sabda 
260 |a Selangor :   |b Penerbitan Pinang ,   |c 2005 
440 |a Siri panduan kenegaraan 
500 |a Children ages 7-9 years old (orange) 
650 0 |a Malaysia   |x Social condition 
650 0 |a Malaysia   |x Social life and customs 
999 |a 0000907848   |b Book   |c Children Collection   |e Cawangan Bandar Tenggara 
999 |a 0000975914   |b Book   |c Children Collection   |e Cawangan Bukit Gambir 
999 |a 0000975915   |b Book   |c Children Collection   |e Perbadanan Perpustakaan Awam Johor 
999 |a 0000975916   |b Book   |c Children Collection   |e Cawangan Bandar Tenggara 
999 |a 0000975917   |b Book   |c Children Collection   |e Perbadanan Perpustakaan Awam Johor 
999 |a 0000975918   |b Book   |c Children Collection   |e Perbadanan Perpustakaan Awam Johor 
999 |a 0000978684   |b Book   |c Children Collection   |e Cawangan Taman Universiti 
999 |a 0000978685   |b Book   |c Children Collection   |e Cawangan Bandar Tenggara 
999 |a 0000978686   |b Book   |c Children Collection   |e Cawangan Tangkak 
999 |a 0000978687   |b Book   |c Children Collection   |e Cawangan Bukit Gambir 
999 |a 0000978688   |b Book   |c Children Collection   |e Cawangan Bandar Penawar 
999 |a 0001043377   |b Book   |c Children Collection   |e Cawangan Tangkak